000 02062nam a2200193 a 4500
999 _c6787
_d6787
020 _a1408215330 (paperback)
020 _a9781408215333 (paperback)
082 _a423LON
100 1 _aLongman, Pearson.
245 1 0 _aLongman dictionary of contemporary english, fifth edition /
250 _a5th ed.
260 _aNew Delhi
_bPearson Longman,
_c2009.
300 _a2082 p. ;
490 1 _aPaperback + dvd-rom.
520 _aThe Longman Dictionary of Contempory English (5th edition) the most comprehensive dictionary and DVD-ROM ever. Includes: *230,000 words, phrases and meanings -- more than any other advanced learner's dictionary *165,000 examples based on real, natural English from the Longman Corpus Network + an additional 1 million corpus examples on the DVD-ROM. *Clear definitions written using only 2,000 common words. *Over 18,000 synonyms, antonyms and related words + an additional 30,000 on the DVD-ROM. *Over 65,000 collocations + an additional 82,000 on the DVD-ROM. * The top 3,000 most frequent words in spoken and written English are highlighted to show which are the most important to know. *NEW Integrated Collocations Dictionary. Over 65,000 collocations will improve students' fluency. *NEW Integrated Thesaurus. Over 18,000 synonyms, antonyms and related words will improve vocabulary range. *NEW Register Notes focus on the differences between spoken and written English. * Academic Word List highlighted. * Grammar and warning notes ensure that students avoid common errors. *NEW text design ensures students can find information fast. PLUS...The Longman Vocabulary Trainer tests your knowledge of a word -- its meaning, grammar, collocation and usage -- then remembers how well you know that word. The word is then recycled and retested at different intervals so the word is never forgotten! You can download the Longman Vocabulary Trainer to your mobile phone to make the most of learning on the go!
650 _aEnglish language
856 4 0 _uhttp://www.amazon.com/exec/obidos/ASIN/1408215330/chopaconline-20
942 _cBK